LDR 01078naa#a2200217#i#450# 001 RU\\bibl\117939 005 20260603084230.3 011 ## _a2500-4026 100 ## _a20250929b2025####ek#y0rusy0150####ca 101 0# _aRUS 102 ## _aRU 200 1# _aПОЛЕ ПОТЕНЦИАЛЬНОГО ПОЖАРНОГО РИСКА, СОЗДАВАЕМОЕ ОБОРУДОВАНИЕМ СКЛАДА НЕФТЕПРОДУКТОВ В Г. ЧИТЕ ЗАБАЙКАЛЬСКОГО КРАЯ _eЖурнальная статья 210 1# _aЖелезногорск _cФГБОУ ВО Сибирская пожарно-спасательная академия ГПС МЧС России _d2025 215 ## _a11 с. 608 ## _aЖурнальная статья _2local 675 ## _aПрофилактика пожаров. Предупреждение или ограничение убытков от пожаров. 614.841.3 _zRUS 700 #1 _aХолопцев _gА В 700 #1 _aКоловский _gМ К 700 #1 _aЛюбимов _gВ Н 700 #1 _aСедов _gД В 856 4# _avestnik-sibpsa.editorum.ru _u